| 000 | 01400nam2a2200325 4500 | ||
|---|---|---|---|
| 001 | RU\NLR\DIGIT\30457 | ||
| 005 | 20080422163655.0 | ||
| 035 | _a(NLR Aleph) 010123888 | ||
| 090 |
_a10008950 _c10008950 |
||
| 100 | _a20060127d1907 m y0rusy50 ca | ||
| 101 | 0 | _arus | |
| 102 | _aRU | ||
| 135 | _acrgn 008aaaua | ||
| 200 | 1 | _a№ 4 (8 фев.) | |
| 210 |
_cТип. Спб. Училища глухонемых _d1907 |
||
| 215 | _a16 с. | ||
| 325 | _aКопия доступна в Электрон. б-ке РНБ http://vivaldi.nlr.ru/pm000000022/view | ||
| 461 | 0 |
_1001RU\NLR\DIGIT\30435 _12001#$v№ 4 (8 фев.)$aПравда православия _910008782 _cСанкт-Петербург _d1906-1908 _fИзд. С. И. Шлеев, свящ. _tПравда православия _v№ 4 (8 фев.)$aПравда православия |
|
| 610 | 0 | _aПравда православия | |
| 702 | 1 |
_aМедвецкий _bВ. П. _4340 |
|
| 801 | 2 |
_aRU _bNLR _c20080422 _2rusmarc |
|
| 852 |
_aNLR _j6/125 |
||
| 856 | 0 | _uhttp://vivaldi.nlr.ru/pm000000022/view | |
| 856 | 1 | _uhttp://vivaldi.nlr.ru/pm000000022/cover | |
| 856 | 2 | _uhttp://vivaldi.nlr.ru/pm000000022/text | |
| 942 | _cISSUE | ||
| 980 | _aNB | ||
| 981 | 3 | 6 | _a(36) Цифровой репозиторий РНБ |
| 981 | 2 | 7 |
_a(27) Периодические издания _b(27) Журналы |